| 000 | 00000nam##2200000za#4500 |
| 001 | 9.569653 |
| 003 | CaOODSP |
| 005 | 20210624181854 |
| 007 | cr ||||||||||| |
| 008 | 150406|2004||||xxc|||||o f|0| 0 eng|d |
| 040 | |aCaOODSP|beng |
| 043 | |an-cn--- |
| 086 | 1 |aNH18-1/329-2004E-PDF |
| 110 | 2 |aCanada Mortgage and Housing Corporation. |
| 245 | 14|aThe efficacy of the filtering process in the supply of housing to lower-income Canadian households / |h[electronic resource]|cby Andrejs Skaburskis and John Meligrana. |
| 246 | 1 |iAdditional title (within publication) : |aFiltering in housing = Désembourgeoisement du secteur du logement |
| 260 | |aOttawa - Ontario : |bCanada Mortgage and Housing Corporation |cJuly 12, 2004 (main report), December 2004 (Research highlight). |
| 300 | |a264p.|bgraphs, maps (some coloured), references, tables |
| 490 | 1 |aResearch report |
| 500 | |aIncludes: Research highlight (Socio-economic series 04-040) under the title "Filtering in housing". Y compris : Le point en recherche (Série socio-économique 04-040) sous le titre « Désembourgeoisement du secteur du logement ». |
| 546 | |a(Résumé en français.) |
| 590 | |a11-26-Supp|b2011-11-03 |
| 720 | 1 |aSkaburskis, Andrejs |
| 720 | 1 |aMeligrana, John |
| 830 | #0|aResearch report (Canada Mortgage and Housing Corporation : Online)|w(CaOODSP)9.506068 |
| 856 | 40|ahttp://publications.gc.ca|qPDF|s8.46 MB|uhttps://publications.gc.ca/collections/collection_2011/schl-cmhc/nh18-1/NH18-1-329-2004-eng.pdf |